US-Staaten, die 2024 Harris (Demokraten) gewählt haben - Statistiken

Allgemein
  • Dieses Quiz wurde 78 mal gespielt
  • Das Durchschnittsergebnis liegt bei 14 aus 20
Antwortstatistiken
% für
Harris
Staat % Korrekt
57% Kalifornien
96%
55% New York
90%
90% Washington D.C.
90%
59% Washington
88%
51% New Hampshire
81%
52% Maine
78%
64% Vermont
77%
52% Virginia
77%
52% New Jersey
72%
55% Oregon
70%
57% Delaware
68%
56% Rhode Island
68%
61% Hawaii
65%
60% Maryland
64%
61% Massachusetts
64%
52% New Mexico
64%
53% Illinois
59%
51% Minnesota
58%
56% Connecticut
57%
55% Colorado
48%
Keine übereinstimmenden Quizze gefunden
Verteilung der Resultate
Anzahl Personen mit jedem Resultat
Perzentil nach korrekt beantworteten Fragen
Ihre Resultats-Entwicklung
Sie haben dieses Quiz noch nicht gespielt